| 000 | 00331nam a2200109Ia 4500 | ||
|---|---|---|---|
| 008 | 200302s9999 xx 000 0 und d | ||
| 100 | _aNorman Morrison Isham | ||
| 245 | _aEarly American Houses with A Glossary of Colonial Architectural Terms | ||
| 260 | _bDover Publication Inc mineola /New Yark | ||
| 260 | _c2007 | ||
| 300 | _a143 P., | ||
| 999 |
_c4154 _d4154 |
||